<A> New Approach to Public Funds in the Light of So-Called Anti-Shell Law
Zákon č. 315/2016 Z. z.; objasnenie znenia zákona.
Salvato in:
| Autore principale: | |
|---|---|
| Natura: | Capitolo di libro |
| Lingua: | inglese |
| Soggetti: | |
| Tags: |
Nessun Tag, puoi essere il primo ad aggiungerne!!
|
MARC
| LEADER | 00000naa$a2200000$$$4500 | ||
|---|---|---|---|
| 001 | 0241866 | ||
| 005 | 20240502073933.9 | ||
| 041 | 0 | |a eng | |
| 044 | |a SK | ||
| 245 | 1 | 0 | |a <A> New Approach to Public Funds in the Light of So-Called Anti-Shell Law |c Oľga Kmeťová |
| 520 | |a Zákon č. 315/2016 Z. z.; objasnenie znenia zákona. | ||
| 610 | 2 | 0 | |a legislatíva |
| 610 | 2 | 0 | |a Slovensko |
| 610 | 2 | 0 | |a transparentnosť |
| 610 | 2 | 0 | |a sektor verejný |
| 610 | 2 | 0 | |a financie verejné |
| 100 | 1 | |a Kmeťová, Oľga, 1959- | |